[Event "Moscow Open 2007"]
[Site "Moscow"]
[Date "2007.02.01"]
[Round "6"]
[White "Gasanov, Eldar"]
[Black "Okara, Andrey"]
[Result "1/2-1/2"]
[WhiteElo "2477"]
[BlackElo "2358"]
[PlyCount "59"]
[EventDate "2007.??.??"]

1. d4 d5 2. c4 e6 3. Nc3 c5 4. Nf3 Nf6 5. cxd5 exd5 6. Bg5 Nc6 7. e3 Be6 8. Bb5
Be7 9. dxc5 Bxc5 10. Nd4 Rc8 11. O-O O-O 12. Bxc6 bxc6 13. Rc1 Be7 14. Na4 c5
15. Bxf6 gxf6 16. Nxe6 fxe6 17. Qg4+ Kf7 18. e4 Rg8 19. Qh3 Rg7 20. exd5 Qxd5
21. Nc3 Qg5 22. Rcd1 Qg4 23. Qxg4 Rxg4 24. Rd7 Rb4 25. b3 c4 26. Re1 cxb3 27.
Rxe7+ Kxe7 28. Nd5+ Kf7 29. Nxb4 a5 30. axb3 1/2-1/2

[Event "Moscow Open 2007"]
[Site "Moscow"]
[Date "2007.02.01"]
[Round "6"]
[White "Gorbatov, Alexej"]
[Black "Dvalishvili, Pavel S"]
[Result "1/2-1/2"]
[WhiteElo "2385"]
[BlackElo "2477"]
[PlyCount "25"]
[EventDate "2007.??.??"]

1. e4 c5 2. Nf3 e6 3. d4 cxd4 4. Nxd4 Nf6 5. Nc3 d6 6. Be3 Nc6 7. Qd2 Nxd4 8.
Qxd4 a6 9. Qb6 Qxb6 10. Bxb6 Bd7 11. a4 Rc8 12. Bd3 Be7 13. O-O-O 1/2-1/2

[Event "Moscow Open 2007"]
[Site "Moscow"]
[Date "2007.02.01"]
[Round "6"]
[White "Tunik, Gennady"]
[Black "Zemtsov, Igor"]
[Result "1/2-1/2"]
[WhiteElo "2475"]
[BlackElo "2364"]
[PlyCount "140"]
[EventDate "2007.??.??"]

1. d4 g6 2. Nf3 Bg7 3. c4 d6 4. Nc3 c5 5. dxc5 dxc5 6. Qxd8+ Kxd8 7. Bd2 Nc6 8.
O-O-O Bd7 9. Nd5 Rc8 10. e3 Nh6 11. Ng5 e6 12. Bc3 Bxc3 13. Nxc3 Ke7 14. Be2 b6
15. h4 f6 16. Nge4 Ne5 17. f3 Bc6 18. g4 f5 19. gxf5 Nxf5 20. f4 Nd7 21. Rh3
Rcd8 22. h5 Nf6 23. Nxf6 Kxf6 24. Rg1 Rdg8 25. h6 Rd8 26. Nd1 e5 27. fxe5+ Kxe5
28. Nf2 Rhf8 29. Kc2 Ke6 30. Nd3 Be4 31. Kc3 Nd6 32. Nf4+ Kd7 33. Rd1 Rde8 34.
Bg4+ Kc6 35. Rh2 Rf6 36. a3 a5 37. b4 axb4+ 38. axb4 cxb4+ 39. Kxb4 Re5 40. Nd5
Bxd5 41. cxd5+ Kb7 42. Rh3 Re4+ 43. Rd4 Rxd4+ 44. exd4 Rf4 45. Be6 Rxd4+ 46.
Kb3 Ne4 47. Rh1 b5 48. Rf1 Kb6 49. Rf7 Ng5 50. Rf8 b4 51. Bg8 Rh4 52. Rc8 Kb5
53. d6 Rd4 54. Re8 Kc6 55. Re5 Rg4 56. Re7 Kxd6 57. Rb7 Kc5 58. Bxh7 Rg3+ 59.
Kb2 Rg2+ 60. Kc1 Rg1+ 61. Kb2 Rg2+ 62. Kc1 Nxh7 63. Rxh7 Rh2 64. Rh8 Kc4 65. h7
Kb3 66. Kd1 Kb2 67. Rb8 Rxh7 68. Rxb4+ Kc3 69. Rg4 Rd7+ 70. Ke2 Rd6 1/2-1/2

[Event "Moscow Open 2007"]
[Site "Moscow"]
[Date "2007.02.01"]
[Round "6"]
[White "Matsenko, Sergei"]
[Black "Petrushin, Alexander I"]
[Result "0-1"]
[WhiteElo "2378"]
[BlackElo "2473"]
[PlyCount "128"]
[EventDate "2007.??.??"]

1. e4 c5 2. Nf3 d6 3. d4 cxd4 4. Qxd4 Bd7 5. c4 Nc6 6. Qd2 g6 7. b3 Bg7 8. Nc3
Nf6 9. Bb2 Bg4 10. Be2 O-O 11. O-O Qa5 12. Rab1 Qh5 13. Bc1 a6 14. h3 Bxf3 15.
Bxf3 Qh4 16. Qe3 Nd7 17. Rd1 b5 18. Nd5 Rfc8 19. g3 Qxh3 20. Qg5 Nde5 21. Bg2
Qe6 22. f4 Qg4 23. Qxg4 Nxg4 24. e5 Rab8 25. cxb5 axb5 26. Bh3 h5 27. Bxg4 hxg4
28. exd6 exd6 29. Be3 Re8 30. Kf2 Re4 31. Rbc1 Nd4 32. Nc3 Rxe3 33. Kxe3 Nf5+
34. Kd3 Nxg3 35. Rg1 Nh5 36. Nd5 g3 37. Ke4 Bh6 38. Kf3 Kg7 39. Rc7 Ra8 40. Rg2
Re8 41. Rc1 Re6 42. Rd1 Bxf4 43. Nxf4 Rf6 44. Rd4 g5 45. Kg4 Nxf4 46. Rxg3 Ne2
47. Rd5 Rf4+ 48. Kh3 Rh4+ 49. Kg2 f6 50. Rxb5 Nxg3 51. Kxg3 Rh1 52. a4 Kg6 53.
a5 Ra1 54. b4 f5 55. Rd5 Ra3+ 56. Kg2 f4 57. Rxd6+ Kf5 58. a6 Ra2+ 59. Kf1 Ke4
60. b5 g4 61. Re6+ Kf3 62. Re1 Kg3 63. Rb1 f3 64. Kg1 Rg2+ 0-1

[Event "Moscow Open 2007"]
[Site "Moscow"]
[Date "2007.02.01"]
[Round "6"]
[White "Kachar, Vladimir"]
[Black "Sitnikov, Anton"]
[Result "1/2-1/2"]
[WhiteElo "2364"]
[BlackElo "2467"]
[PlyCount "160"]
[EventDate "2007.??.??"]

1. Nf3 Nf6 2. c4 g6 3. Nc3 Bg7 4. e4 d6 5. d4 O-O 6. Be2 c6 7. O-O Na6 8. Bf4
Bg4 9. Be3 Nc7 10. b4 Nd7 11. Rc1 f5 12. exf5 gxf5 13. d5 Bxf3 14. Bxf3 Ne5 15.
dxc6 bxc6 16. b5 f4 17. Bd2 Ne6 18. bxc6 Nd4 19. Bd5+ e6 20. c7 Qe8 21. Bxa8
Qxa8 22. f3 Nxc4 23. Rb1 Qc6 24. Ne2 Qxc7 25. Nxd4 Bxd4+ 26. Kh1 e5 27. Qe2 d5
28. Qd3 Qc6 29. Rfe1 Qg6 30. Qxg6+ hxg6 31. Bc1 Kf7 32. g3 fxg3 33. hxg3 Ke6
34. Kg2 Bb6 35. Rb3 Kd7 36. Rd3 Kc6 37. Re2 Bc5 38. Rb3 a5 39. a4 Bb4 40. Rc2
Kc5 41. Bg5 Rf7 42. Rb1 d4 43. Rb3 Kd5 44. g4 Rc7 45. Rc1 Rc6 46. Kf2 Nb6 47.
Rxc6 Kxc6 48. Bf6 Kd5 49. Rb1 Nxa4 50. Rh1 Nc3 51. Rh8 a4 52. Rd8+ Ke6 53. g5
Bd6 54. f4 exf4 55. Bxd4 Ne4+ 56. Ke2 Nxg5 57. Kd3 Nf3 58. Bc3 Kd5 59. Ra8 a3
60. Ra5+ Bc5 61. Ke2 Nd4+ 62. Kd3 Nc6 63. Ra8 Ne5+ 64. Bxe5 Kxe5 65. Re8+ Kf5
66. Ra8 Be7 67. Ra7 Bd6 68. Ra5+ Kf6 69. Ke4 g5 70. Kf3 Bb4 71. Ra4 Be7 72. Ra5
Ke6 73. Kg4 Kd7 74. Ra7+ Ke6 75. Ra5 Kf7 76. Kf5 f3 77. Kg4 f2 78. Rf5+ Bf6 79.
Rxf2 Kg6 80. Rc2 Kf7 1/2-1/2

[Event "Moscow Open 2007"]
[Site "Moscow"]
[Date "2007.02.01"]
[Round "6"]
[White "Gavrilov, Alexei"]
[Black "Ivakhinova, Inna"]
[Result "1/2-1/2"]
[WhiteElo "2465"]
[BlackElo "2216"]
[PlyCount "91"]
[EventDate "2007.??.??"]

1. e4 c5 2. c3 d5 3. exd5 Qxd5 4. d4 Nf6 5. Nf3 Bg4 6. Qa4+ Bd7 7. Qb3 cxd4 8.
Bc4 Qe4+ 9. Kf1 e6 10. cxd4 Qc6 11. Nc3 Be7 12. Ne5 Qc8 13. d5 O-O 14. Nxd7
Nbxd7 15. dxe6 fxe6 16. Bxe6+ Kh8 17. Be3 Qc6 18. Bxd7 Qxd7 19. Rd1 Qc6 20. Qb5
Qe6 21. Re1 a6 22. Qe2 Qc6 23. h4 Bb4 24. Rh3 Nd5 25. h5 Rae8 26. h6 Nxe3+ 27.
Rxe3 Qxh6 28. Kg1 Rxe3 29. Qxe3 Qc6 30. Re2 Bxc3 31. bxc3 h6 32. Qe7 Rf5 33.
Re6 Qc5 34. Qd8+ Rf8 35. Qd2 Qf5 36. Re7 b5 37. Qd4 Qf6 38. Ra7 Qxd4 39. cxd4
Rd8 40. Rxa6 Rxd4 41. Kf1 Rd2 42. a3 Ra2 43. Ra5 Kg8 44. g4 Rb2 45. Kg2 b4 46.
axb4 1/2-1/2

[Event "Moscow Open 2007"]
[Site "Moscow"]
[Date "2007.02.01"]
[Round "6"]
[White "Vafin, Niaz"]
[Black "Maiorov, Nikita"]
[Result "0-1"]
[WhiteElo "2308"]
[BlackElo "2516"]
[PlyCount "118"]
[EventDate "2007.??.??"]

1. e4 e5 2. Nf3 Nc6 3. Bb5 a6 4. Ba4 Nf6 5. O-O Be7 6. Re1 b5 7. Bb3 d6 8. c3
O-O 9. d4 Bg4 10. Be3 exd4 11. cxd4 Na5 12. Bc2 Nc4 13. Bc1 c5 14. b3 Nb6 15.
Nbd2 Nfd7 16. h3 Bh5 17. Bb2 Re8 18. g4 Bg6 19. Nf1 Rc8 20. dxc5 Nxc5 21. Ng3
Bf6 22. Bxf6 Qxf6 23. Nf5 Bxf5 24. exf5 Rxe1+ 25. Qxe1 Qb2 26. Qc1 Qc3 27. Bd1
Qf6 28. Rb1 Nxb3 29. Qf4 Nc5 30. g5 Qe7 31. Bc2 f6 32. Re1 Qf8 33. Nd4 fxg5 34.
Qxg5 Qf6 35. Qxf6 gxf6 36. Re7 Nd5 37. Ra7 Rc7 38. Ra8+ Kg7 39. Bb3 Nf4 40. Kh2
Re7 41. Rg8+ Kh6 42. Rf8 Nd7 43. Ra8 Rg7 44. Ne6 Rg2+ 45. Kh1 Rxf2 46. Nxf4
Rxf4 47. Rxa6 Rd4 48. Ra7 Ne5 49. Kg2 Kg5 50. Rxh7 Kxf5 51. Rh5+ Kg6 52. Rh8
Kg5 53. Kg3 Rd3+ 54. Kg2 f5 55. Rb8 Rd2+ 56. Kf1 Kf4 57. Rxb5 Ke3 58. Ra5 Rf2+
59. Ke1 Rh2 0-1

[Event "Moscow Open 2007"]
[Site "Moscow"]
[Date "2007.02.01"]
[Round "6"]
[White "Filipenko, Alexander V"]
[Black "Kuzin, Anton"]
[Result "0-1"]
[WhiteElo "2376"]
[BlackElo "2459"]
[PlyCount "112"]
[EventDate "2007.??.??"]

1. d4 f5 2. c4 Nf6 3. Nf3 e6 4. Nc3 Bb4 5. Qb3 c5 6. dxc5 Na6 7. Bd2 O-O 8. e3
Bxc3 9. Bxc3 Nxc5 10. Qa3 Nce4 11. Bb4 Re8 12. Be2 b6 13. O-O Bb7 14. Rad1 a5
15. Bd6 Nxd6 16. Qxd6 Bxf3 17. Bxf3 Rc8 18. b3 Qc7 19. h3 h6 20. Rfe1 Qxd6 21.
Rxd6 Rb8 22. c5 bxc5 23. Ra6 d5 24. Rc1 Nd7 25. Bh5 Rec8 26. Rxe6 c4 27. Rd6
Nf6 28. Bg6 Kf8 29. Bxf5 Rc5 30. Bg6 c3 31. Ra6 Rd8 32. Bc2 d4 33. Rd1 d3 34.
Rxd3 Rxd3 35. Bxd3 c2 36. Bxc2 Rxc2 37. Rxa5 Ne4 38. f3 Nc3 39. a3 Nd1 40. e4
Ne3 41. g4 Rg2+ 42. Kh1 Rg3 43. b4 Rxh3+ 44. Kg1 Rxf3 45. b5 Rf1+ 46. Kh2 Nxg4+
47. Kg3 Nf6 48. e5 Ne4+ 49. Kg2 Rf2+ 50. Kg1 Rb2 51. a4 h5 52. Ra8+ Kf7 53.
Ra7+ Kg6 54. e6 h4 55. Ra8 Kf6 56. a5 h3 0-1

[Event "Moscow Open 2007"]
[Site "Moscow"]
[Date "2007.02.01"]
[Round "6"]
[White "Utkin, Aleksey"]
[Black "Smirnov, Igor"]
[Result "0-1"]
[WhiteElo "2374"]
[BlackElo "2439"]
[PlyCount "118"]
[EventDate "2007.??.??"]

1. d4 Nf6 2. Nf3 c6 3. e3 d6 4. Be2 Nbd7 5. O-O e5 6. dxe5 dxe5 7. b3 Bc5 8.
Bb2 Qe7 9. Nbd2 O-O 10. c4 Re8 11. Qc2 e4 12. Nd4 Nf8 13. Rfe1 h5 14. Nf1 h4
15. h3 Bd7 16. a3 a5 17. Nh2 N8h7 18. Ng4 Nxg4 19. Bxg4 Bxg4 20. hxg4 Qg5 21.
Qe2 Nf6 22. f3 exf3 23. gxf3 Nh5 24. Qf2 Ng3 25. Kh2 Rad8 26. Rad1 Bd6 27. Kh3
f5 28. gxf5 c5 29. f4 Ne4 30. Qh2 Qh5 31. Qe2 Qxe2 32. Rxe2 cxd4 33. Bxd4 Ng3
34. Red2 Bxa3 35. Bb6 Rxd2 36. Rxd2 Nxf5 37. Rd7 Re7 38. Rd5 Nxe3 39. Rxa5 Bd6
40. f5 Bg3 41. Bd4 Re4 42. Ba7 Nd1 43. Ra2 Nc3 44. Rd2 Ne2 45. Rd8+ Kf7 46.
Rd7+ Re7 47. Rd8 Re8 48. Rd2 Re4 49. Rd7+ Kf6 50. Rxb7 Kxf5 51. Rf7+ Kg6 52.
Rd7 Kh5 53. Kg2 g5 54. c5 Kg4 55. Rd1 h3+ 56. Kh1 Bf4 57. c6 Ng3+ 58. Kg1 Re2
59. Bf2 h2+ 0-1

[Event "Moscow Open 2007"]
[Site "Moscow"]
[Date "2007.02.01"]
[Round "6"]
[White "Vorotnikov, Vladislav V"]
[Black "Soltanici, Ruslan"]
[Result "1/2-1/2"]
[WhiteElo "2437"]
[BlackElo "2372"]
[PlyCount "125"]
[EventDate "2007.??.??"]

1. e4 c5 2. c3 e6 3. d4 d5 4. exd5 exd5 5. Nf3 Nc6 6. Be2 cxd4 7. Nxd4 Bd6 8.
O-O Nge7 9. Be3 O-O 10. Nd2 Bc7 11. N2f3 Bg4 12. Qd2 a6 13. Bf4 Bb6 14. Rfe1
Ng6 15. Bg3 Qf6 16. Nxc6 bxc6 17. Qg5 Qxg5 18. Nxg5 Bf5 19. Nf3 a5 20. Nd4 Bd7
21. a4 Rfe8 22. Bd6 Rad8 23. Bg3 Ne5 24. Kf1 f6 25. f4 Nf7 26. Bf2 Bc7 27. Nb3
Bxf4 28. Nxa5 Rb8 29. Ra2 Nd6 30. Bd3 Ne4 31. Bxe4 dxe4 32. Nc4 e3 33. Nxe3 Be6
34. Raa1 Rxb2 35. a5 Ra8 36. Kg1 Ra2 37. Rxa2 Bxa2 38. Nf5 Rxa5 39. Ne7+ Kf7
40. Nxc6 Ra3 41. Bd4 Bd5 42. Nb4 Ba8 43. Rd1 Rb3 44. Nd3 Bd6 45. g3 Bf3 46. Ra1
Be4 47. Nf2 Rb1+ 48. Rxb1 Bxb1 49. Kg2 Ke6 50. Kf3 Ba2 51. Ke3 h5 52. Ne4 Be7
53. Nd2 Bd5 54. c4 Ba8 55. Ne4 Kf5 56. Nf2 Bd6 57. c5 Bc7 58. Nd3 g5 59. Nb4 h4
60. Kf2 hxg3+ 61. hxg3 Ke6 62. g4 Ba5 63. Nc2 1/2-1/2

[Event "Moscow Open 2007"]
[Site "Moscow"]
[Date "2007.02.01"]
[Round "6"]
[White "Losev, Dmitry"]
[Black "Nachev, Stanislav"]
[Result "1-0"]
[WhiteElo "2345"]
[BlackElo "2429"]
[PlyCount "70"]
[EventDate "2007.??.??"]

1. e4 c5 2. Nf3 e6 3. b3 d6 4. Bb2 Nf6 5. e5 dxe5 6. Nxe5 Nbd7 7. f4 Nxe5 8.
fxe5 Nd5 9. Qf3 Bd7 10. Bd3 Be7 11. O-O O-O 12. Qh3 h6 13. Nc3 Nxc3 14. Bxc3
Bg5 15. Be4 Qc7 16. Qf3 Rab8 17. a4 b6 18. Rf2 Bc8 19. Qg4 Qd8 20. Raf1 Ba6 21.
Re1 Bb7 22. Bd3 Bh4 23. g3 Be7 24. h4 Qd5 25. Kh2 g6 26. Be4 Qd7 27. Bxg6 fxg6
28. Qxg6+ Kh8 29. Qxh6+ Kg8 30. Qg6+ Kh8 31. Rf6 Bxf6 32. exf6 Rf7 33. Re5 Bf3
34. g4 Rh7 35. f7 Rxh4+ 1-0

[Event "Moscow Open 2007"]
[Site "Moscow"]
[Date "2007.02.01"]
[Round "6"]
[White "Paveliev, Alexey"]
[Black "Moskalenko, Alexander"]
[Result "1-0"]
[WhiteElo "2418"]
[BlackElo "2352"]
[PlyCount "93"]
[EventDate "2007.??.??"]

1. e4 c5 2. Nf3 Nc6 3. Nc3 g6 4. d4 cxd4 5. Nxd4 Bg7 6. Nb3 Nf6 7. Be2 O-O 8.
O-O d6 9. Bg5 b6 10. f4 Bb7 11. Bf3 b5 12. Kh1 h6 13. Bh4 Nd7 14. Nxb5 Bxb2 15.
Rb1 Bg7 16. Nxd6 Ba6 17. Be2 Bxe2 18. Qxe2 Qb6 19. Nb5 a6 20. Na3 Rfc8 21. Rfd1
Qc7 22. e5 Nf8 23. Nc4 Ne6 24. Bg3 a5 25. c3 h5 26. Ne3 a4 27. Nd4 Qa5 28. f5
Nf8 29. Nxc6 Rxc6 30. Nd5 Re8 31. Rb8 Rxb8 32. Nxe7+ Kh7 33. Nxc6 Qb5 34. Qf3
Rb6 35. Ne7 Qc4 36. e6 Qxa2 37. Nd5 Rb1 38. e7 Qb3 39. Ne3 a3 40. e8=Q a2 41.
Qea8 Bxc3 42. fxg6+ fxg6 43. Qa7+ Bg7 44. Be5 Ne6 45. h3 Kh6 46. Bxg7+ Nxg7 47.
Ng4+ 1-0

[Event "Moscow Open 2007"]
[Site "Moscow"]
[Date "2007.02.01"]
[Round "6"]
[White "Maslov, Mikhail"]
[Black "Reprintsev, Alexander"]
[Result "1-0"]
[WhiteElo "2336"]
[BlackElo "2415"]
[PlyCount "71"]
[EventDate "2007.??.??"]

1. e4 d5 2. exd5 Qxd5 3. Nc3 Qa5 4. Bc4 Nf6 5. h3 Nc6 6. d3 g6 7. Bd2 Qc5 8.
Nf3 Ne5 9. Be3 Qa5 10. Nxe5 Qxe5 11. d4 Qa5 12. O-O Bg7 13. d5 O-O 14. Qf3 Nd7
15. Qg3 Bxc3 16. bxc3 Qxc3 17. Bb3 a5 18. Qh4 Qb4 19. Bd4 a4 20. a3 Qd6 21. Ba2
f6 22. Rfe1 Ne5 23. Re3 g5 24. Qe4 Ng6 25. Bc3 Kg7 26. Rae1 Qf4 27. Qd3 Bf5 28.
Qb5 Bxc2 29. g3 Qd6 30. Bb4 Qa6 31. Qd7 Rae8 32. Re6 Bf5 33. Bxe7 Bxe6 34.
Bxf8+ Kxf8 35. Rxe6 Rxe6 36. dxe6 1-0

[Event "Moscow Open 2007"]
[Site "Moscow"]
[Date "2007.02.01"]
[Round "6"]
[White "Kozlov, Vladimir N"]
[Black "Rozum, Ivan"]
[Result "0-1"]
[WhiteElo "2413"]
[BlackElo "2336"]
[PlyCount "66"]
[EventDate "2007.??.??"]

1. e4 c5 2. Nf3 e6 3. d4 cxd4 4. Nxd4 a6 5. Nc3 Qc7 6. g3 Nf6 7. Bg2 Be7 8. O-O
O-O 9. f4 d6 10. g4 Nc6 11. g5 Nxd4 12. Qxd4 d5 13. Kh1 Nxe4 14. Nxe4 dxe4 15.
Qxe4 Rb8 16. b3 b5 17. Bb2 Bb7 18. Qe2 Rbc8 19. Rac1 Rfd8 20. c4 Bxg2+ 21. Qxg2
Qd7 22. cxb5 axb5 23. h4 Qd3 24. Be5 Rxc1 25. Rxc1 Qe3 26. Rf1 Rd2 27. Qa8+ Bf8
28. Qf3 Qc5 29. a4 bxa4 30. bxa4 Qc2 31. f5 Qc4 32. Bg3 Rd3 33. Qg2 Rxg3 0-1

[Event "Moscow Open 2007"]
[Site "Moscow"]
[Date "2007.02.01"]
[Round "6"]
[White "Grigoriadis, Alexandros"]
[Black "Obodchuk, Andrei"]
[Result "1/2-1/2"]
[WhiteElo "2304"]
[BlackElo "2410"]
[PlyCount "144"]
[EventDate "2007.??.??"]

1. d4 Nf6 2. Nf3 g6 3. g3 Bg7 4. Bg2 O-O 5. O-O d5 6. c4 c6 7. Qb3 dxc4 8. Qxc4
Na6 9. Nc3 Bf5 10. Bg5 Qb6 11. Na4 Qb4 12. Qxb4 Nxb4 13. a3 Na6 14. Rac1 h6 15.
Bf4 Nd5 16. Be5 f6 17. Bf4 Nxf4 18. gxf4 Be6 19. Nh4 Kf7 20. Nc5 Nxc5 21. Rxc5
g5 22. f5 Bd7 23. Nf3 Rfd8 24. e3 Bf8 25. Rfc1 e6 26. fxe6+ Bxe6 27. R5c3 a5
28. Bf1 a4 29. Bc4 Ra5 30. Nd2 Bxc4 31. Nxc4 Rb5 32. h3 Ke6 33. Kg2 Be7 34.
R1c2 h5 35. Nd2 f5 36. Rc4 Ra8 37. f3 Bd6 38. e4 Bf4 39. exf5+ Rxf5 40. Ne4 Bd6
41. Re2 Kd7 42. Rc1 Raf8 43. Rc3 Rd5 44. Rd2 Rf4 45. Rcd3 g4 46. hxg4 hxg4 47.
Nxd6 Kxd6 48. Kg3 Rxf3+ 49. Rxf3 gxf3 50. Kxf3 Rh5 51. Ke4 Rh4+ 52. Kd3 Kd5 53.
Kc3 Rh3+ 54. Kc2 Kc4 55. Rg2 Rh4 56. Rg7 b5 57. Rg6 Rh2+ 58. Kb1 Kd5 59. Rg5+
Kxd4 60. Rg4+ Kc5 61. Rg5+ Kb6 62. Rg8 Rh5 63. Rg7 c5 64. Rg8 b4 65. axb4 cxb4
66. Rb8+ Kc5 67. Rc8+ Kb5 68. Ka2 Rh1 69. Rb8+ Kc5 70. Rc8+ Kd6 71. Rd8+ Kc7
72. Ra8 a3 1/2-1/2

[Event "Moscow Open 2007"]
[Site "Moscow"]
[Date "2007.02.01"]
[Round "6"]
[White "Egorov, Dmitry"]
[Black "Krylov, Mikhail"]
[Result "1-0"]
[WhiteElo "2305"]
[BlackElo "2408"]
[PlyCount "113"]
[EventDate "2007.??.??"]

1. e4 g6 2. d4 Bg7 3. g3 d6 4. Bg2 c6 5. Ne2 Nf6 6. O-O O-O 7. c4 e5 8. Nbc3
Nbd7 9. b3 exd4 10. Nxd4 Re8 11. Bb2 Nc5 12. Re1 Bg4 13. f3 Bd7 14. Qd2 Qb6 15.
Rad1 Rad8 16. Qf2 Bc8 17. Nc2 h5 18. Ba1 a5 19. Re2 Nh7 20. Red2 Qc7 21. Ne2
Bxa1 22. Rxa1 Ng5 23. Rad1 Bh3 24. Bh1 Nce6 25. Ne3 Bg4 26. Bg2 Bxf3 27. h4
Bxg2 28. Qxg2 Qb6 29. Rd3 Nh7 30. Qf3 Nc5 31. Rd4 Re7 32. Kg2 a4 33. Nc3 Qa5
34. b4 Qxb4 35. Ncd5 cxd5 36. Nxd5 Qb2+ 37. R1d2 Qxd2+ 38. Rxd2 Rxe4 39. Rf2 f5
40. Qc3 Re5 41. Qa5 Rd7 42. Qa8+ Kg7 43. Qc8 Nf6 44. Nxf6 Kxf6 45. Qf8+ Ke6 46.
Rd2 Ne4 47. Rd5 Nf6 48. Rd2 Re4 49. c5 d5 50. Rb2 d4 51. Rb6+ Kd5 52. Rxf6 Kc4
53. c6 bxc6 54. Rxc6+ Kd3 55. Qa3+ Kd2 56. Qb2+ Ke3 57. Rc1 1-0

[Event "Moscow Open 2007"]
[Site "Moscow"]
[Date "2007.02.01"]
[Round "6"]
[White "Chernobay, Artem"]
[Black "Velikhanli, Firuza"]
[Result "1-0"]
[WhiteElo "2408"]
[BlackElo "2304"]
[PlyCount "105"]
[EventDate "2007.??.??"]

1. e4 d6 2. d4 Nf6 3. Nc3 g6 4. Be3 Bg7 5. Qd2 Ng4 6. Bg5 h6 7. Bh4 O-O 8. f3
Nf6 9. O-O-O c6 10. g4 Nh7 11. Bf2 b5 12. Kb1 b4 13. Nce2 Qa5 14. Be3 e5 15.
Bxh6 Bxh6 16. Qxh6 d5 17. dxe5 dxe4 18. Nf4 Rd8 19. Rc1 Qxe5 20. Bc4 Nf8 21.
Nxg6 Qf6 22. Qh4 Qxh4 23. Nxh4 Rd4 24. b3 Be6 25. Bxe6 Nxe6 26. Nf5 Rd2 27.
fxe4 Nd4 28. Nxd4 Rxd4 29. Re1 Nd7 30. Nf3 Rd6 31. e5 Re6 32. Nd4 Rxe5 33. Nxc6
Rg5 34. Re7 Rc8 35. Nxb4 a5 36. Rxd7 axb4 37. Rd4 Rb5 38. Rf1 Ra8 39. Rff4 Rba5
40. Rxb4 Rxa2 41. Ra4 R2xa4 42. Rxa4 Re8 43. Kb2 Kg7 44. Rf4 Rh8 45. b4 Rxh2
46. b5 Kf8 47. Kb3 Ke7 48. c4 Ke6 49. Kb4 f6 50. b6 Ke5 51. Rf5+ Ke6 52. Kc5
Rh4 53. b7 1-0

[Event "Moscow Open 2007"]
[Site "Moscow"]
[Date "2007.02.01"]
[Round "6"]
[White "Yuferov, Sergey N"]
[Black "Guseva, Marina"]
[Result "0-1"]
[WhiteElo "2407"]
[BlackElo "2305"]
[PlyCount "86"]
[EventDate "2007.??.??"]

1. d4 f5 2. g3 Nf6 3. Bg2 e6 4. c4 c6 5. Nf3 d5 6. O-O Bd6 7. b3 Qe7 8. Nc3 O-O
9. Bg5 Nbd7 10. Rc1 b6 11. cxd5 exd5 12. Nh4 Qe6 13. Bh3 g6 14. f3 Bb7 15. e4
dxe4 16. fxe4 Nxe4 17. Nxe4 Qxe4 18. Bg2 Qe6 19. Re1 Qf7 20. Bxc6 Bxc6 21. Rxc6
Bb4 22. Ree6 Rfe8 23. Qe2 Nf8 24. Rxe8 Rxe8 25. Qc4 Qxc4 26. Rxc4 Be7 27. Bxe7
Rxe7 28. Kf2 Rd7 29. Nf3 Ne6 30. Ke3 Kg7 31. a4 Rd6 32. b4 a6 33. d5 b5 34.
axb5 axb5 35. Rc6 Rxc6 36. dxc6 Kf6 37. h4 h6 38. Kd3 g5 39. hxg5+ hxg5 40. Ke3
Ke7 41. Nd4 f4+ 42. gxf4 gxf4+ 43. Ke4 Nxd4 0-1

[Event "Moscow Open 2007"]
[Site "Moscow"]
[Date "2007.02.01"]
[Round "6"]
[White "Zakurdjaeva, Irina"]
[Black "Donchenko, Anatoly G"]
[Result "1/2-1/2"]
[WhiteElo "2296"]
[BlackElo "2402"]
[PlyCount "117"]
[EventDate "2007.??.??"]

1. e4 Nf6 2. e5 Nd5 3. d4 d6 4. Nf3 Bg4 5. Be2 c6 6. O-O Bxf3 7. Bxf3 dxe5 8.
dxe5 e6 9. Qe2 Nd7 10. c4 Ne7 11. Bd2 Ng6 12. Bc3 Qc7 13. Re1 a5 14. a3 Bc5 15.
Nd2 Ba7 16. Rad1 O-O 17. g3 Rad8 18. Bg2 Nc5 19. Nf3 Na4 20. h4 Nxc3 21. bxc3
Rxd1 22. Rxd1 Rd8 23. h5 Nf8 24. Nd4 Bc5 25. a4 Qb6 26. Qg4 Be7 27. Kh2 Qc5 28.
f4 h6 29. Qe2 Nd7 30. Nb3 Qb6 31. Qc2 Nc5 32. Nxc5 Bxc5 33. Rb1 Qc7 34. Rd1 Rd7
35. Rd3 Qd8 36. Be4 Kf8 37. Kg2 Rxd3 38. Bxd3 Ba7 39. Qb1 Qb6 40. Qxb6 Bxb6 41.
Kf3 Ke7 42. Bh7 Bc5 43. g4 Ba3 44. Ke4 Bc5 45. f5 Bf2 46. fxe6 Kxe6 47. Bf5+
Ke7 48. Bc8 b6 49. Bf5 Be1 50. Kd3 Kd8 51. Kd4 Bg3 52. Ke4 Be1 53. Kd4 Ke7 54.
Kd3 Bf2 55. Ke4 Bh4 56. Kd3 f6 57. exf6+ Bxf6 58. Bg6 Kd6 59. Be8 1/2-1/2

[Event "Moscow Open 2007"]
[Site "Moscow"]
[Date "2007.02.01"]
[Round "6"]
[White "Kurdakov, Yuri"]
[Black "Ageichenko, Genadi A"]
[Result "1/2-1/2"]
[WhiteElo "2282"]
[BlackElo "2402"]
[PlyCount "118"]
[EventDate "2007.??.??"]

1. Nf3 Nf6 2. g3 d5 3. Bg2 c6 4. O-O Bg4 5. h3 Bh5 6. c4 e6 7. Qb3 Qc8 8. Nc3
Nbd7 9. d4 Be7 10. Bf4 O-O 11. Rac1 Nb6 12. Ne5 dxc4 13. Nxc4 Nbd5 14. Rfe1
Nxf4 15. gxf4 Rd8 16. e3 Nd5 17. a3 Bf8 18. Ne4 Qc7 19. Ng3 Bg6 20. Ne5 Qb6 21.
Qxb6 axb6 22. h4 f6 23. Nxg6 hxg6 24. h5 gxh5 25. Nxh5 Kf7 26. Ng3 g6 27. Bf3
b5 28. Re2 b4 29. Bxd5 Rxd5 30. axb4 Rb5 31. Kg2 Rxb4 32. Ne4 Ra2 33. Rcc2 Be7
34. Nc3 Ra1 35. Red2 Bd6 36. Kf3 Rb6 37. Rd1 Rxd1 38. Nxd1 e5 39. fxe5 fxe5 40.
dxe5 Bxe5 41. Ke4 Ke6 42. f4 Rb4+ 43. Kd3 Bf6 44. Rg2 Kf5 45. Rf2 c5 46. Rc2 b6
47. Ke2 c4 48. Kf3 b5 49. e4+ Ke6 50. e5 Be7 51. Ke4 c3+ 52. Kf3 cxb2 53. Nxb2
Kf5 54. Nd3 Rc4 55. Rxc4 bxc4 56. Nc1 Ba3 57. Ne2 Bb2 58. Ke3 Bxe5 59. fxe5
Kxe5 1/2-1/2

[Event "Moscow Open 2007"]
[Site "Moscow"]
[Date "2007.02.01"]
[Round "6"]
[White "Girya, Olga"]
[Black "Skurikhin, Dmitrij"]
[Result "1/2-1/2"]
[WhiteElo "2235"]
[BlackElo "2401"]
[PlyCount "79"]
[EventDate "2007.??.??"]

1. e4 c6 2. c4 d5 3. exd5 cxd5 4. cxd5 Nf6 5. Qa4+ Nbd7 6. Nc3 g6 7. Bc4 Bg7 8.
Nf3 O-O 9. d3 a6 10. Be3 Ng4 11. Qc2 Nde5 12. Nxe5 Nxe5 13. O-O Bf5 14. Qd2 b5
15. Bb3 Nxd3 16. Bh6 Bxh6 17. Qxh6 Qd6 18. Rad1 Nxb2 19. Rd4 Qf6 20. Qd2 Nc4
21. Bxc4 bxc4 22. Rxc4 Rac8 23. Rd4 Rc5 24. Re1 Rfc8 25. Re3 Rc4 26. Rxc4 Rxc4
27. h3 h5 28. Ne2 Rc2 29. Qa5 Qd6 30. Ng3 Rc1+ 31. Re1 Rxe1+ 32. Qxe1 Qxd5 33.
Qxe7 Qxa2 34. Qg5 Qb1+ 35. Kh2 Kh7 36. Qf6 Be6 37. f4 Qc2 38. Qe5 Bf5 39. Qf6
Kg8 40. Qxa6 1/2-1/2

[Event "Moscow Open 2007"]
[Site "Moscow"]
[Date "2007.02.01"]
[Round "6"]
[White "Polivanov, Anatoliy"]
[Black "Shumilina, Alexandra"]
[Result "1-0"]
[WhiteElo "2400"]
[BlackElo "2277"]
[PlyCount "85"]
[EventDate "2007.??.??"]

1. e4 c5 2. Nf3 d6 3. d4 cxd4 4. Nxd4 Nf6 5. Nc3 a6 6. Bg5 e6 7. Qf3 Nbd7 8.
O-O-O Be7 9. Be2 Qc7 10. Qg3 b5 11. a3 O-O 12. f4 Bb7 13. Bf3 Nc5 14. Rhe1 Rfd8
15. Kb1 Rac8 16. Qf2 d5 17. exd5 Nxd5 18. Bxd5 Bxd5 19. Bxe7 Qxe7 20. Nf5 Qb7
21. Nxd5 exf5 22. Ne7+ Qxe7 23. Rxe7 Rxd1+ 24. Ka2 Kf8 25. Ra7 Rd6 26. Qh4 Rd7
27. Qxh7 Rxa7 28. Qh8+ Ke7 29. Qxc8 Ne6 30. c3 g6 31. g3 Kd6 32. Kb1 Nc5 33.
Qb8+ Rc7 34. Kc2 Kc6 35. Qe8+ Kb6 36. h4 Ne6 37. Qb8+ Kc6 38. Qa8+ Kb6 39. Qd5
Rc5 40. Qd6+ Rc6 41. Qb8+ Kc5 42. b4+ Kc4 43. Qe5 1-0

[Event "Moscow Open 2007"]
[Site "Moscow"]
[Date "2007.02.01"]
[Round "6"]
[White "Yuzhakov, Oleg"]
[Black "Arakelov, Ilya"]
[Result "0-1"]
[WhiteElo "2221"]
[BlackElo "2399"]
[PlyCount "130"]
[EventDate "2007.??.??"]

1. e4 c5 2. Nf3 d6 3. d4 cxd4 4. Nxd4 Nf6 5. Nc3 g6 6. f3 Bg7 7. Be3 O-O 8. Qd2
Nc6 9. O-O-O Nxd4 10. Bxd4 Be6 11. Kb1 Qc7 12. g4 Rfc8 13. h4 Qa5 14. a3 Rab8
15. h5 b5 16. hxg6 hxg6 17. Qg5 d5 18. e5 Nd7 19. Nxd5 Bxd5 20. e6 Nf6 21.
exf7+ Bxf7 22. Bd3 Rd8 23. Bxg6 Rd5 24. Bf5 e5 25. Bc3 Rxd1+ 26. Rxd1 Qc7 27.
Re1 Re8 28. Bd3 Nd5 29. Bd2 Qc6 30. Qf5 Re6 31. Qh7+ Kf8 32. Be4 Bg6 33. Qh4
Bxe4 34. fxe4 Nf4 35. g5 Kg8 36. Bxf4 exf4 37. Qxf4 Qd6 38. Qxd6 Rxd6 39. Rf1
Re6 40. Rf5 a6 41. Rc5 Rxe4 42. Rc6 a5 43. g6 Kf8 44. Ka2 Ke7 45. Ra6 a4 46.
Rc6 Re5 47. Rb6 Rc5 48. Kb1 Be5 49. b3 Bc3 50. Ra6 axb3 51. cxb3 Rg5 52. Kc2
Be5 53. b4 Bd6 54. Rb6 Kd7 55. g7 Rxg7 56. Rxb5 Rg3 57. Kb2 Ke6 58. a4 Be5+ 59.
Ka2 Kf5 60. a5 Ke4 61. a6 Bd4 62. Rb7 Kd5 63. a7 Rg8 64. b5 Kc4 65. b6 Rg1 0-1